Normal view
MARC view
- قانون -- قانون الاثبات
Entry Topical Term
001 - CONTROL NUMBER
- control field: 32432
003 - CONTROL NUMBER IDENTIFIER
- control field: JO-AjAnu
005 - DATE AND TIME OF LATEST TRANSACTION
- control field: 20230606075442.0
008 - FIXED-LENGTH DATA ELEMENTS
- fixed length control field: 230606|| aca||aabn | a|a d
040 ## - CATALOGING SOURCE
- Original cataloging agency: JO-AjAnu
- Transcribing agency: JO-AjAnu
150 ## - HEADING--TOPICAL TERM
- Topical term or geographic name entry element: قانون -- قانون الاثبات
670 ## - SOURCE DATA FOUND
- Source citation: Work cat.: (JO-AjAnu)16660: عبدالسلام، سعيد سعد, author 32431, الوجيز فى قانون الإثبات فى المواد المدنية والتجارية طبقا لأحداث التعديلات الجديدة فى القانون 76لسنة 2007